Čo prináša nový zákon o nadáciách?
Nový zákon o nadáciách má sprehľadniť postavenie nadácií v rámci právneho systému Slovenskej republiky a súčasne posilniť dôveryhodnosť nadačnej činnosti. Na základe navrhovaného zákona sa zároveň zefektívni vzťah medzi darcami a nadáciou a upevní vonkajšia kontrola verejnosťou. Tí, ktorí nebudú spo...
Enregistré dans:
| Auteur principal: | |
|---|---|
| Format: | Chapitre de livre |
| Langue: | slovaque |
| Sujets: | |
| Tags: |
Pas de tags, Soyez le premier à ajouter un tag!
|
MARC
| LEADER | 00000naa a2200000 4500 | ||
|---|---|---|---|
| 001 | r043540 | ||
| 005 | 20230927092421.2 | ||
| 041 | 0 | |a slo | |
| 044 | |a SK | ||
| 245 | 1 | 0 | |a Čo prináša nový zákon o nadáciách? |c Katarína Valová |
| 520 | |a Nový zákon o nadáciách má sprehľadniť postavenie nadácií v rámci právneho systému Slovenskej republiky a súčasne posilniť dôveryhodnosť nadačnej činnosti. Na základe navrhovaného zákona sa zároveň zefektívni vzťah medzi darcami a nadáciou a upevní vonkajšia kontrola verejnosťou. Tí, ktorí nebudú spočiatku spĺňať podmienky nového zákona, budú mať možnosť preregistrovať sa na inú právnu formu a prostredníctvom nej realizovať svoje aktivity. | ||
| 610 | 2 | 0 | |a nadácie |
| 610 | 2 | 0 | |a zákony |
| 610 | 2 | 0 | |a dary |
| 610 | 2 | 0 | |a kontrola |
| 610 | 2 | 0 | |a Slovensko |
| 100 | 1 | |a Valová, Katarína | |